|
|
|
|
| LEADER |
00000nam a22000007a 4500 |
| 005 |
20190726004637.0 |
| 007 |
cr|||| |||| |
| 008 |
190726s2015 mx |||||s|||| 00||0 spa d |
| 020 |
|
|
|a 978-607-8552-14-6
|
| 035 |
|
|
|a 23906
|
| 040 |
|
|
|a vLex
|
| 090 |
|
|
|c 9069
|d 9069
|
| 100 |
1 |
|
|a Covarrubias Rivera, Alejandro
|
| 245 |
1 |
0 |
|a Anl̀isis e interpretacin̤ de las Leyes Fiscales en Mx̌ico
|h [Recurso electrn̤ico] :
|b aportes para un modelo ter̤ico /
|c Alejandro Covarrubias Rivera
|
| 256 |
|
|
|a Servicio en ln̕ea
|
| 260 |
|
|
|a Ciudad de Mx̌ico:
|b Instituto Mexicano de Contadores Pb︢licos,
|c 2015
|
| 300 |
|
|
|a 1 recurso electrn̤ico
|
| 506 |
1 |
|
|a Disponible solo en los productos indicados
|d vLex Global
|d vLex Global (Academic Edition, excluding Law Schools)
|d vLex Global (U.S. Academic Edition, Law Schools)
|d vLex Global (U.S. Academic Edition, excluding Law Schools)
|d vLex Global (Academic Edition, Law Schools)
|
| 650 |
0 |
4 |
|a Derecho Fiscal
|z Mx̌ico
|
| 650 |
0 |
4 |
|a Derecho Tributario
|z Mx̌ico
|
| 740 |
0 |
|
|a vLex Libros (Servicio en ln̕ea)
|
| 856 |
4 |
0 |
|u http://vlex.com/source/analisis-e-interpretacion-de-las-leyes-fiscales-en-mexico-aportes-para-un-modelo-teorico-23906
|z Acceso restringido
|
| 942 |
|
|
|c BOOK
|
| 999 |
0 |
|
|a Tax Law
|
| 999 |
0 |
|
|a Tax Law
|